[Event "Hainaut-ch"]
[Site "Manage"]
[Date "2008.08.23"]
[Round "3.20"]
[White "Montagne, Jean Claude"]
[Black "Chevry, Philippe"]
[Result "0-1"]
[WhiteElo "1435"]
[BlackElo "1723"]
[PlyCount "87"]
[EventDate "2008.08.23"]
[EventType "swiss"]
[EventRounds "9"]
[EventCountry "BEL"]
[SourceTitle "EXT 2024"]
[Source "ChessBase"]
[SourceDate "2023.10.10"]
[SourceVersion "1"]
[SourceVersionDate "2023.10.10"]
[SourceQuality "1"]

1. d4 d5 2. c4 Nf6 3. e3 c6 4. Be2 Bf5 5. Nd2 e6 6. Ngf3 Na6 7. a3 dxc4 8. Bxc4 Nc7 9. 0-0 a5 10. Qb3 b5 11. Bd3 a4 12. Qc2 Bxd3 13. Qxd3 c5 14. Ne4 Be7 15. Rd1 Nxe4 16. Qxe4 0-0 17. Qc2 c4 18. Ne5 Bd6 19. Nf3 f5 20. Bd2 Nd5 21. e4 Nc7 22. e5 Be7 23. Bc3 g5 24. h3 Rf7 25. Qd2 g4 26. hxg4 fxg4 27. Nh2 Bg5 28. Qe2 h5 29. g3 Nd5 30. Bd2 Rg7 31. Bxg5 Qxg5 32. Qd2 Qg6 33. Nf1 h4 34. Re1 Rf8 35. Re2 Rf3 36. Rae1 Qh5 37. Re4 hxg3 38. fxg3 Rh7 39. Qg2 c3 40. bxc3 Nxc3 41. R4e3 Nd5 42. Rxf3 gxf3 43. Qc2 Qh1+ 44. Kf2 0-1

[Event "Hainaut-ch"]
[Site "Manage"]
[Date "2008.08.23"]
[Round "1.16"]
[White "Montagne, Jean Claude"]
[Black "Louis, Andre"]
[Result "0-1"]
[WhiteElo "1435"]
[BlackElo "1889"]
[PlyCount "96"]
[EventDate "2008.08.23"]
[EventType "swiss"]
[EventRounds "9"]
[EventCountry "BEL"]
[SourceTitle "EXT 2024"]
[Source "ChessBase"]
[SourceDate "2023.10.10"]
[SourceVersion "1"]
[SourceVersionDate "2023.10.10"]
[SourceQuality "1"]

1. d4 Nf6 2. c4 e6 3. Nf3 d5 4. c5 b6 5. b4 Be7 6. a3 a5 7. Bb2 0-0 8. Nbd2 axb4 9. axb4 Rxa1 10. Qxa1 c6 11. e3 b5 12. Bd3 Na6 13. Bc3 Qc7 14. Ne5 Bb7 15. 0-0 Ra8 16. Qb2 Nd7 17. Nxd7 Qxd7 18. Nf3 f6 19. Ra1 Bf8 20. Ra5 Re8 21. Qb1 g6 22. g3 Bg7 23. Qa1 Qc8 24. Qe1 e5 25. dxe5 fxe5 26. Bc2 d4 27. Bd2 Qd7 28. exd4 exd4 29. Bb3+ Kh8 30. Qc1 Nc7 31. Ng5 Nd5 32. Ra7 Re7 33. Bxd5 Qxd5 34. Nh3 Qf5 35. Nf4 Qe5 36. Ng2 Bc8 37. Rxe7 Qxe7 38. Qe1 Qxe1+ 39. Bxe1 Bf5 40. Bd2 Kg8 41. f4 Kf7 42. Kf2 Ke6 43. Ne1 Kd5 44. Kf3 Kc4 45. Ng2 Kd3 46. Be1 Be4+ 47. Kf2 Bxg2 48. Kxg2 Ke2 0-1

[Event "Charleroi op 2nd"]
[Site "Charleroi"]
[Date "2003.08.24"]
[Round "2.38"]
[White "Lanciers, Lorenzo"]
[Black "Montagne, Jean Claude"]
[Result "1-0"]
[WhiteElo "1748"]
[BlackElo "1481"]
[PlyCount "57"]
[EventDate "2003.08.23"]
[EventType "swiss"]
[EventRounds "9"]
[EventCountry "BEL"]
[SourceTitle "EXT 2004"]
[Source "ChessBase"]
[SourceDate "2003.11.25"]
[SourceVersion "1"]
[SourceVersionDate "2003.11.25"]
[SourceQuality "1"]

1. d4 d5 2. Nf3 Nf6 3. e3 e6 4. Bd3 c5 5. b3 Nc6 6. 0-0 cxd4 7. exd4 Be7 8. Bb2 Nb4 9. Be2 Qc7 10. c3 Nc6 11. c4 0-0 12. Nbd2 b6 13. a3 Bd6 14. b4 Qb8 15. c5 bxc5 16. dxc5 Be5 17. Nxe5 Nxe5 18. f4 Ng6 19. g3 Qc7 20. Nb3 Bb7 21. Nd4 a5 22. Qc2 axb4 23. axb4 Ne4 24. c6 Rxa1 25. Rxa1 Bc8 26. Nb5 Qb6+ 27. Bd4 Qb8 28. c7 Qb7 29. Ra7 1-0